000 00360nam a2200133Ia 4500
008 151001s9999||||xx |||||||||||||| ||und||
100 _aविनायक देवरुखकर
245 _aकलमी गुलाब
250 _a1
260 _bसुरस प्रकाशन पंजाब
260 _c1964
300 _a139
365 _b7
999 _c953806
_d953803